000 00524nam a2200169Ia 4500
008 140925s9999 xx 000 0 und d
245 _aInternational journal of sports management, recreation & tourism /
_h[electronic resource]
260 _bI.J.S.Ma.R.T.,
_cc2008.
516 _aElectronic text
650 _aJournal.
650 _aManagement.
650 _aSports and Recreation.
650 _aTourism.
830 _aI.J.S.Ma.R.T. 
856 _uhttp://www.ijsmart.eu/Contents.aspx?Y=2014&V=13&Is=a
942 _cEJ
999 _c275862
_d275862